000 01300nam a2200313 a 4500
001 ebr10487677
003 CaPaEBR
006 m u
007 cr cn|||||||||
008 110824s2009 gw ad sb 000 0 eng d
020 _z9783836680189
020 _z9783836630184 (e-book)
040 _aCaPaEBR
_cCaPaEBR
035 _a(OCoLC)679422942
043 _au-at---
050 1 4 _aSH175
_b.E37 2009eb
100 1 _aEisenbarth, Albert.
245 1 0 _aOccurrence of intestinal fish parasites in Australia
_h[electronic resource] :
_bIdentification of anisakid nematodes in commercially available fish species from south Australian waters /
_cAlbert Eisenbarth.
260 _aHamburg :
_bDiplomica Verlag,
_c2009.
300 _a88 p. :
_bill. (some col.)
500 _aTitle from cover.
504 _aIncludes bibliographical references.
533 _aElectronic reproduction.
_bPalo Alto, Calif. :
_cebrary,
_d2011.
_nAvailable via World Wide Web.
_nAccess may be limited to ebrary affiliated libraries.
650 0 _aFishes
_xParasites
_zAustralia.
650 0 _aAnisakis
_zAustralia.
655 7 _aElectronic books.
_2local
710 2 _aebrary, Inc.
856 4 0 _uhttp://site.ebrary.com/lib/rucke/Doc?id=10487677
_zAn electronic book accessible through the World Wide Web; click to view
999 _c125358
_d125358